Financial Accounting. (Record no. 5602)

MARC details
005 - DATE AND TIME OF LATEST TRANSACTION
control field 20250627114035.0
020 ## - INTERNATIONAL STANDARD BOOK NUMBER
International Standard Book Number 0-070231637-3
082 ## - DEWEY DECIMAL CLASSIFICATION NUMBER
Classification number 657 MEI
100 ## - MAIN ENTRY--PERSONAL NAME
Author name MEIGS, R. F.
245 ## - TITLE STATEMENT
Title Financial Accounting.
250 ## - EDITION STATEMENT
Edition statement 10th Ed.
260 ## - PUBLICATION, DISTRIBUTION, ETC.
Place of publication, distribution, etc. New York,
Name of publisher, distributor, etc. Mc Graw-Hill Irwin,
Date of publication, distribution, etc. 2001.
300 ## - PHYSICAL DESCRIPTION
Extent xxiv, 712p.: ill.; figure, picture table
Other physical details Index
Dimensions 28cm
700 ## - ADDED ENTRY--PERSONAL NAME
Other authors/Editors William, J. R.
942 ## - ADDED ENTRY ELEMENTS (KOHA)
Source of classification or shelving scheme Dewey Decimal Classification
Koha item type Books
Holdings
Date last seen Total checkouts Full call number Barcode Cost, replacement price Price effective from Koha item type Lost status Source of classification or shelving scheme Damaged status Not for loan Withdrawn status Home library Current library Shelving location Date acquired Cost, normal purchase price Source of acquisition
06/27/2025   657 MEI DOM000264 135000.00 06/27/2025 Books   Dewey Decimal Classification       CBE Dodoma CBE Dodoma General Collection 08/07/2003 45000.00  
06/27/2025   657 MEI DOM000357 135000.00 06/27/2025 Books   Dewey Decimal Classification       CBE Dodoma CBE Dodoma General Collection 08/07/2003 45000.00  
06/30/2025   657 MEI DOM4569 135000.00 06/27/2025 Books   Dewey Decimal Classification       CBE Dodoma CBE Dodoma General Collection 08/07/2003 45000.00 Library budget